Part of your World - Lyrics - Statistics

General Stats
  • This quiz has been taken 82 times
  • The average score is 36 of 47
Answer Stats
Answer % Correct
Look {at} this stuff
88%
The girl who {has} everything?
88%
Wouldn't you think I'm the {girl}
88%
But {who} cares?
85%
Part {of} that world
85%
{Part} of that world
85%
Wouldn't you think my {collections} complete
85%
Look at {this} trove
83%
Maybe {he's} right
83%
Walking around on those, {what} do you call 'em
83%
Wish {I} could be
83%
And ready to know what {the} people know
81%
Isn't it {neat}?
81%
I wanna be where the {people} are
81%
{Treasures} untold
81%
Up where they walk, {up} where they run
81%
What would I pay to spend the day on {the} sand?
81%
I've got gadgets and {gizmos} a-plenty
79%
I want {more}
79%
Out of the {sea}
79%
Ready {to} stand
79%
Strolling along down the, what's {that} word again?
79%
Up where they stay {all} day in the sun
79%
Wandering free, {wish} I could be
79%
When is it {my} turn
79%
Ask 'em my {questions} and get some answers
77%
Bright young women, {sick} of swimmin'
77%
I've got {twenty}
77%
No {big} deal
77%
Oh, {feet}
77%
{Street}
77%
{Burn}?
75%
Flippin' your fins you {don't} too far
75%
How many treasures can one {cavern} hold?
73%
I wanna see '{em}, see '{em} dancin'
73%
Looking around {here} you'd think
73%
Maybe there is something the {matter} with me
73%
I've got whozits and {whatzits} galore
71%
What would I give if I could {live} out of these waters?
71%
Wouldn't I love, love to {explore} that shore above
71%
Bet they don't {reprimand} their daughters
69%
I just don't see how a world that makes such {wonderful} stuff could be so bad
69%
What's a fire and why {does} it, what's the word?
69%
{Sure} she's got everything
67%
You want {thingamabobs}?
67%
Legs are required for {jumping}, dancing
65%
{Bet'cha} on land they understand
63%
No matching quizzes found
Score Distribution
Percent of People with Each Score
Percentile by Number Answered
Your Score History
You have not taken this quiz